| 000 | 02549mam a2200373 a 4500 | ||
|---|---|---|---|
| 001 | 3037018 | ||
| 003 | ARRUPE | ||
| 005 | 20151006085336.0 | ||
| 008 | 001101s2001 mau b 001 0 eng | ||
| 010 | _a 00053385 | ||
| 015 | _aGBA1-Y6219 | ||
| 020 | _a0262201356 (alk. paper) | ||
| 020 | _a0262700824 (pbk. : alk. paper) | ||
| 035 | _a(OCoLC)ocm45376025 | ||
| 035 | _a(NNC)3037018 | ||
| 040 |
_aDLC _cDLC _dUKM _dC#P _dOrLoB-B |
||
| 050 | 0 | 0 |
_aB105.B64 _bT63 2001 |
| 082 | 0 | 0 |
_a128/.6 _221 |
| 100 | 1 |
_aTodes, Samuel. _920050 |
|
| 245 | 1 | 0 |
_aBody and world / _cSamuel Todes ; with introductions by Hubert L. Dreyfus and Piotr Hoffman. |
| 260 |
_aCambridge, Mass. : _bMIT Press, _cc2001. |
||
| 300 |
_axlvi, 337 p. ; _c24 cm. |
||
| 500 | _aRev. ed. of: The human body as material subject of the world. New York : Garland Pub., 1990. | ||
| 504 | _aIncludes bibliographical references (p. [293]-317) and index. | ||
| 505 | 0 | 0 |
_tForeword / _rHubert L. Dreyfus -- _tIntroduction I: Todes's Account of Nonconceptual Perceptual Knowledge and Its Relation to Thought / _rHubert L. Dreyfus -- _tIntroduction II: How Todes Rescues Phenomenology from the Threat of Idealism / _rPiotr Hoffman -- _g1. _tThe Classic View of the Way the Human Subject Has His Body, and Descartes's Rejection of It -- _g2. _tCritique of the Resulting World-Subject of Leibniz and Hume, with an Introductory Exposition of the Thesis That the Human Body Is the Material Subject of the World -- _g3. _tIntroductory Discussion of Kant's View That the Human Subject Makes the World of His Experience -- _g4. _tDevelopment of the Phenomenology of Practical Perception, as a Prelude to the Criticism That Kant Imaginizes Perception -- _g5. _tThe Phenomenology of Imagination, as a Final Prelude to the Criticism that Kant Imaginizes Perception -- |
| 505 | 8 | 0 |
_g6. _tDevelopment of the Thesis That the Human Body Is the Material Subject of the World, as a Critique of Kant's View That the Human Subject Makes the World of His Experience -- _gApp. I. _tThe Subject Body in Perception and Conception: A Brief Sketch -- _gApp. II. _tSensuous Abstraction and the Abstract Sense of Reality -- _gApp. III. _tAnticipatory Postscript. |
| 600 | 1 | 0 |
_aKant, Immanuel, _d1724-1804 _xContributions in philosophy of perception. _920051 |
| 650 | 0 |
_aHuman body (Philosophy) _920052 |
|
| 650 | 0 |
_aSubject (Philosophy) _920053 |
|
| 650 | 0 |
_aPerception (Philosophy) _914386 |
|
| 700 | 1 |
_aTodes, Samuel. _tHuman body as material subject of the world. _920054 |
|
| 900 | _bTOC | ||
| 942 |
_2lcc _cMONOGRAPH |
||
| 999 |
_c123452 _d123452 |
||